Introduction to 3D spatial visualization : an active approach

Saved in:
Bibliographic Details
Main Author: Sorby, Sheryl Ann 1959-
Other Authors: Wysocki, Anne Frances 1956-, Baartmans, Beverly Gimmestad 1944-
Format: Book
Language:English
Published: Clifton Park, N.Y. : Thomson/Delmar Learning, c2003
Subjects:
Tags: Add Tag
No Tags, Be the first to tag this record!

MARC

LEADER 00000nam a2200000 i 4500
001 1/75235
008 050414s2003 eng d
020 |a 1-4018-1389-5 
035 |l 10077650 
040 |a GR-MY-UA  |b gre  |e aacr 
041 0 |a eng 
082 0 |a 604.2  |2 (21) 
100 1 |a Sorby, Sheryl Ann  |d 1959- 
245 1 0 |a Introduction to 3D spatial visualization :  |b an active approach /  |c Workbook by:Sheryl A. Sorby, Software by:Anne F. Wysocki, Based on work by: Beverly Baartmans and Shery Sorby 
260 |a Clifton Park, N.Y. :   |b Thomson/Delmar Learning,   |c c2003 
300 |a 193 σ.;  |b εικ.;  |c 28 εκ.+  |e 1 οπτικός δίσκος λέϊζερ (4 3/4 ιν.) 
650 0 0 |a Engineering graphics. 
650 0 0 |a Visualization. 
700 1 |a Wysocki, Anne Frances  |d 1956- 
700 1 |a Baartmans, Beverly Gimmestad  |d 1944- 
852 |a INST  |b LESVOS  |e 20050414  |h 604.2 SOR  |p 005100027841  |q 005100027841  |t BK  |y 0 
852 |a INST  |b LESVOS  |e 20050422  |h 604.2 SOR   |p 005100027842  |q 005100027842  |t BK  |y 0 
901 |a BIBL1-2005-1 
909 |a Λ  |b 116490 
909 |a Λ  |b 116491 
922 |a 1ΕΛΗ  |b 200411  |c ΕΠΕΑΕΚ2/ΤΓ  |d ΜΙΧΑΛΟΠΟΥΛΟΣ 
950 |a 118-2004-10-04 
970 |a ΚΑΡΑ  |b ΓΙΑΣΕΜΗ  |z 2005/04/22